000
00348 a2200157 4500
001
150881
040
_c
Escola São Tomás de Aquino
100
_a
MURRAY, Roseana
240
1
0
_a
Criança é coisa séria
_l
por
245
1
0
_a
Criança é coisa séria
300
_a
31
362
0
_a
1991
440
1
_a
AMAIS
697
_a
Psicologia
942
_c
BK
999
_c
150881
_d
150881